Tractament del sòl no urbanitzable : comunicacions presentades a la I Jornada Tècnica sobre Tractament del Sòl no Urbanitzable celebrades els dies 31 de maig, 1 de juny de 1985 al Castell de Montesquiu (Ripollès) comunicacions presentades a la I Jornada Tècnica sobre Tractament del Sòl no Urbanitzable celebrades els dies 31 de maig, 1 de juny de 1985 al Castell de Montesquiu (Ripollès)

Descripció física: 64 p. : a doble columna ; 30 cm
Matèries: Sòl, Ús del

MARC

LEADER 00000nam a2200000Ia 4500
001 2023
003 BGR
005 20260324175216.0
008 160829s9999 xx 000 0 cat d
080 |a C-2-138 
111 |a Jornada Tècnica sobre Tractament del Sòl No Urbanitzable  |9 71222  |c (Castell de Montesquiu :  |d 1985) 
245 |a Tractament del sòl no urbanitzable :  |b  comunicacions presentades a la I Jornada Tècnica sobre Tractament del Sòl no Urbanitzable celebrades els dies 31 de maig, 1 de juny de 1985 al Castell de Montesquiu (Ripollès) 
260 |a Barcelona :  |b Diputació de Barcelona. Servei de Parcs Naturals, febrer 1986 
300 |a 64 p. :  |b  a doble columna ;  |c 30 cm 
650 0 |a Sòl, Ús del   |9 36390 
710 |a Barcelona (Catalunya : Província).  |b Servei de Parcs Naturals  |9 53492 
901 |a Arxiu 
942 |n 1  |2 udc  |c JC 
952 |0 0  |1 0  |4 0  |6 C2138  |7 1  |9 41589  |a Arxiu  |b Arxiu  |d 2016-12-01  |l 0  |o C-2-138  |p 2023  |r 2016-12-01 00:00:00  |w 2016-12-01  |y ARXIU 
999 |c 43479  |d 43479